Lygia Clark (Record no. 1812)
[ view plain ]
| 000 -LEADER | |
|---|---|
| campo de control de longitud fija | 00430nam a2200121 4500 |
| 008 - DATOS DE LONGITUD FIJA--INFORMACIÓN GENERAL | |
| campo de control de longitud fija | 708 H548l |
| 082 ## - NÚMERO DE LA CLASIFICACIÓN DECIMAL DEWEY | |
| Número de clasificación | 708 |
| Número de ítem | H548l |
| 100 ## - ENTRADA PRINCIPAL--NOMBRE DE PERSONA | |
| Nombre de persona | Henkerhoff , Paulo (curaduría) |
| 9 (RLIN) | 7100 |
| 245 ## - MENCIÓN DEL TÍTULO | |
| Título | Lygia Clark |
| 260 ## - PUBLICACIÓN, DISTRIBUCIÓN, ETC. | |
| Lugar de publicación, distribución, etc. | São Paulo |
| Nombre del editor, distribuidor, etc. | MAM - Museu de Arte Moderna de São Paulo |
| Fecha de publicación, distribución, etc. | 1998 |
| 300 ## - DESCRIPCIÓN FÍSICA | |
| Extensión | 64 p. |
| Dimensiones | 28 x 18 cm |
| 650 ## - PUNTO DE ACCESO ADICIONAL DE MATERIA--TÉRMINO DE MATERIA | |
| Subdivisión general | Brasil |
| -- | catálogo de exhibición |
| -- | arte - biografía |
| -- | movimiento antropofágico |
| -- | movimiento antropofágico |
| 9 (RLIN) | 7101 |
| Estatus retirado | Estado de pérdida | Fuente del sistema de clasificación o colocación | Estado de daño | No para préstamo | Biblioteca de origen | Biblioteca actual | Ubicación en estantería | Fecha de adquisición | Total de préstamos | Signatura topográfica completa | Código de barras | Visto por última vez | Precio de reemplazo | Tipo de ítem Koha |
|---|---|---|---|---|---|---|---|---|---|---|---|---|---|---|
| Clasificación Decimal Dewey | Biblioteca LadoV | Biblioteca LadoV | 06/07/2019 | 708 H548l | 002107 | 06/07/2019 | 06/07/2019 | Material 01 |
